000 00522nam a22001695i 4500
001 54244
003 ES-MaACL
005 20230906162925.0
007 t|
008 990121s1846 fr ||||1| fre d
040 _aCCPB | B
_bspa
_cCCPB | B
100 1 _aFix, Théodore.
_951084
245 1 0 _aObservations sur l'état des classes ouvrières /
_cpar Théodore Fix.
260 _aParis :
_bGuillaumin, Libraire,
_c1846 (
_eCorbeil :
_fImp. de Crété)
300 _a[4], IV, 412 p. ;
_c22 cm.
852 _aES-MaACL
_jC-3795
999 _c54244
_d54244